Central Library OPAC University of Rajshahi

The College survey of English literature / (Record no. 20724)

MARC details
000 -LEADER
fixed length control field 00834cam a22002531 4500
001 - CONTROL NUMBER
control field 20724
003 - CONTROL NUMBER IDENTIFIER
rucl marc code BD-RjUL
005 - DATE AND TIME OF LATEST TRANSACTION
control field 20211209000612.0
008 - FIXED-LENGTH DATA ELEMENTS--GENERAL INFORMATION
fixed length control field 140302s1942 nyuacfh b 000 0 eng
035 ## - SYSTEM CONTROL NUMBER
System control number (BD-RjUL)20786
System control number (OCoLC)1145262
040 ## - CATALOGING SOURCE
Original cataloging agency DLC
Transcribing agency OAsC
Modifying agency OCoLC
-- DLC
-- BD-RjUL
Language of cataloging eng
041 ## - LANGUAGE CODE
Language code of text/sound track or separate title eng
082 00 - DEWEY DECIMAL CLASSIFICATION NUMBER
Classification number 820.82
Author mark and year COL 1942
245 04 - TITLE STATEMENT
Title The College survey of English literature /
Statement of responsibility, etc. Edited by Bartlett Jere Whiting... [at el].
260 ## - PUBLICATION, DISTRIBUTION, ETC. (IMPRINT)
Place of publication, distribution, etc. New York :
Name of publisher, distributor, etc. Harcourt, Brace and Company,
Date of publication, distribution, etc. 1942.
300 ## - PHYSICAL DESCRIPTION
Pagination xix, 1140 p. :
Illustrations illus., plates, ports., facsims. ;
Size 26 cm.
650 #0 - SUBJECT ADDED ENTRY--TOPICAL TERM
Topical term or geographic name as entry element English literature.
9 (RLIN) 63995
Topical term or geographic name as entry element English literature
General subdivision History and criticism.
9 (RLIN) 63996
700 1# - ADDED ENTRY--PERSONAL NAME
Personal name Whiting, Bartlett Jere,
Dates associated with a name 1904-
Relator term ed.
942 ## - ADDED ENTRY ELEMENTS (KOHA)
Source of classification or shelving scheme Dewey Decimal Classification
Koha item type Books
Holdings
Lost status Source of classification or shelving scheme Damaged status Not for loan Collection code Permanent Location Current Location Shelving location Date acquired Source of acquisition Total Checkouts Full call number Date last seen Copy number Koha item type
  Dewey Decimal Classification   Added to bundle Non-fiction Central Library, University of Rajshahi Central Library, University of Rajshahi Reading Room 27/02/1958 U. S. I. S.   820.82 COL 1942 02/03/2014 C-1 Books